LEADER 01475nam a2200325 a 4500 001 000000104697 003 CaOOAMICUS 005 20070424182630.0 008 070424s2006 it a z000 ubita d 040 $aPUL$bita$dLDB 245 00$aPascal /$c[a cura di Armando Massarenti]. 246 33$aPascal : vita, pensiero, opere scelte 260 $aMilano :$bIl Sole 24 ore,$c2006. 300 $a645 p. :$bill. ;$c22 cm 490 1 $aI grandi filosofi ;$v9 500 $aSulla copertina: Pascal : vita, pensiero, opere scelte. 500 $aComprende testi di: Alessandro Ravera, Adriano Bausola. 504 $aInclude riferimenti bibliografici. 600 14$aPascal, Blaise,$d1623-1662.$0(OLS)http://pul/subject/8514 700 1 $aBausola, Adriano,$d1930-2000.$0(OLS)http://pul/name/666 700 1 $aRavera, Alessandro.$0(OLS)http://pul/name/64306 700 1 $aMassarenti, Armando,$eed.$0(OLS)http://pul/name/64044 700 1 $aPascal, Blaise,$d1623-1662$tPensieri.$0(OLS)http://pul/name/64307 830 2$aI grandi filosofi (Il Sole 24 ore) ;$v9.$0(OLS)http://pul/title/131213 850 $aPUL 852 $aPUL$W1$xSL Filosofia 3$y81$m103 COLL 1.9$j117259$qDDC 21$B117219$CPULBib$Z2$F117219 $H103286 $82 941 1 $a9 996 $6246$aPascal : vita, pensiero, opere scelte$9(OLS)http://pul/title/131688 996 $6245$aPascal$9(OLS)http://pul/title/8215 996 $6260$aMilano :$bIl Sole 24 ore$9(OLS)http://pul/publisher/69212 LEADER 01255nam a2200289 u 4500 001 000000079394 003 CaOOAMICUS 005 20070226123532.0 008 040601s2002 it u000 u ita u 020 $a8842057053 035 $a10997456 040 $aPUL$bita 100 1 $aPerissinotto, Luigi.$0(OLS)http://pul/name/42923 245 13$aLe vie dell'interpretazione nella filosofia contemporanea /$cLuigi Perissinotto. 260 $aRoma :$bG. Laterza & Figli,$c2002. 300 $axiv, 177 p. ;$c21 cm 490 1 $aBiblioteca di Cultura Moderna ;$v1159 504 $a"Bibliografia": p. 165-174. 650 4$aFilosofia contemporanea.$0(OLS)http://pul/subject/8502 650 4$aErmeneutica.$0(OLS)http://pul/subject/438 830 0$aBiblioteca di cultura moderna (Editori Laterza) ;$v1159.$0(OLS)http://pul/title/3128 850 $aPUL 852 $aPUL$W1$xSL Filosofia 3$y81$m121. 6 PERLU 1$j120252$nBK-PRI$qDDC 21$B101603$CPULBib$Z2$F101603 $H94707 $82 941 1 $a9 996 $6020$a8842057053$9(OLS)http://pul/number/104357 996 $6245$aLe vie dell'interpretazione nella filosofia contemporanea$9(OLS)http://pul/title/103968 996 $6260$aRoma :$bG. Laterza & Figli$9(OLS)http://pul/publisher/75627